[Event "Sibiria Region-chT"]
[Site "Kemerovo"]
[Date "2010.11.21"]
[Round "4"]
[White "Pavlovskiy, Pavel"]
[Black "Denisov, Lev"]
[Result "1/2-1/2"]
[WhiteElo "2107"]
[BlackElo "2342"]
[PlyCount "64"]
[EventDate "2010.11.19"]
[EventType "team-tourn"]
[EventRounds "5"]
[EventCountry "RUS"]
[SourceTitle "EXT 2012"]
[Source "ChessBase"]
[SourceDate "2011.11.24"]
[SourceVersion "1"]
[SourceVersionDate "2011.11.24"]
[SourceQuality "1"]

1. d4 Nf6 2. Bg5 Ne4 3. Bf4 d5 4. Nd2 Bf5 5. e3 Nxd2 6. Qxd2 e6 7. Nf3 Nd7 8. c4 c6 9. Be2 Be7 10. 0-0 0-0 11. c5 a5 12. Ne5 Nxe5 13. Bxe5 b6 14. cxb6 Qxb6 15. Rfc1 Rfc8 16. Bd1 Ra7 17. a3 Rb7 18. b3 Bg6 19. h3 Qa7 20. Rc3 Rb6 21. Rcc1 Qb7 22. Rc3 Ra8 23. Rcc1 Ra7 24. Rc3 Qa8 25. Rcc1 Qf8 26. Qb2 h5 27. Rc3 Rab7 28. Rcc1 Qe8 29. Qc3 Ra7 30. Qd2 Qf8 31. Qb2 Rab7 32. Rc3 Qe8 1/2-1/2

[Event "Kemerovo op"]
[Site "Kemerovo"]
[Date "2009.10.16"]
[Round "1"]
[White "Pavlovskiy, Pavel"]
[Black "Nevostrujev, Vladimir"]
[Result "0-1"]
[WhiteElo "2069"]
[BlackElo "2508"]
[PlyCount "43"]
[EventDate "2009.10.16"]
[EventType "swiss"]
[EventRounds "9"]
[EventCountry "RUS"]
[SourceTitle "EXT 2010"]
[Source "ChessBase"]
[SourceDate "2010.11.25"]
[SourceVersion "1"]
[SourceVersionDate "2010.11.25"]
[SourceQuality "1"]

1. e4 c5 2. c3 Nf6 3. e5 Nd5 4. d4 cxd4 5. Nf3 e6 6. cxd4 d6 7. a3 Bd7 8. Bd3 Bc6 9. 0-0 Nd7 10. Bd2 dxe5 11. dxe5 Ne7 12. Re1 Ng6 13. Bc3 Nc5 14. Bxg6 hxg6 15. Nbd2 Nd3 16. Re2 Nf4 17. Re1 Nxg2 18. Kxg2 Qh4 19. Kf1 Qh3+ 20. Kg1 Qg4+ 21. Kf1 Rxh2 22. Re4 0-1

[Event "Berdsk Maestro op 15th"]
[Site "Berdsk"]
[Date "2009.07.16"]
[Round "9"]
[White "Bocharov, Ivan"]
[Black "Pavlovskiy, Pavel"]
[Result "1-0"]
[WhiteElo "2476"]
[BlackElo "2069"]
[PlyCount "74"]
[EventDate "2009.07.08"]
[EventType "swiss"]
[EventRounds "9"]
[EventCountry "RUS"]
[SourceTitle "EXT 2022"]
[Source "ChessBase"]
[SourceDate "2021.10.06"]
[SourceVersion "1"]
[SourceVersionDate "2021.10.06"]
[SourceQuality "1"]

1. f4 d5 2. Nf3 g6 3. g3 Bg7 4. Bg2 Nc6 5. d4 Nf6 6. 0-0 0-0 7. e3 Bf5 8. c3 Ne4 9. Nbd2 f6 10. Nh4 Nxd2 11. Qxd2 Qd7 12. Nxf5 gxf5 13. Qe2 e6 14. c4 Ne7 15. b3 Rfe8 16. Bd2 Nc8 17. c5 Kh8 18. b4 Ne7 19. a4 Ng8 20. b5 Nh6 21. Rfc1 Qf7 22. Bf3 Rg8 23. a5 Rad8 24. a6 b6 25. cxb6 cxb6 26. Rc6 Bf8 27. Bh5 Qd7 28. Qe1 Ng4 29. Rac1 Ba3 30. R1c2 Bd6 31. Bb4 Bxb4 32. Qxb4 Nxe3 33. Re2 Ng4 34. Rexe6 Qg7 35. Qe7 Qh6 36. Bxg4 fxg4 37. Rxf6 Qh5 1-0

[Event "Kuzbass-ch op"]
[Site "Kemerovo"]
[Date "2008.11.21"]
[Round "9"]
[White "Pavlovskiy, Pavel"]
[Black "Pokazanjev, Nikolai"]
[Result "0-1"]
[WhiteElo "2077"]
[BlackElo "2475"]
[PlyCount "60"]
[EventDate "2008.11.14"]
[EventType "swiss"]
[EventRounds "9"]
[EventCountry "RUS"]
[SourceTitle "EXT 2022"]
[Source "ChessBase"]
[SourceDate "2021.10.06"]
[SourceVersion "1"]
[SourceVersionDate "2021.10.06"]
[SourceQuality "1"]

1. d4 Nf6 2. c4 g6 3. Nc3 Bg7 4. e4 d6 5. Be2 0-0 6. Bg5 c5 7. d5 b5 8. cxb5 a6 9. a4 Qa5 10. Bd2 axb5 11. Bxb5 Ba6 12. Nge2 Nbd7 13. 0-0 Ne5 14. Qc2 Rfb8 15. Nf4 Nc4 16. Be1 Qb6 17. Nd3 Ng4 18. Ra2 Bd4 19. b3 Nce3 20. fxe3 Nxe3 21. Qc1 Nxf1+ 22. Kxf1 Bxc3 23. Bxc3 Bxb5 24. Rd2 Bxd3+ 25. Rxd3 Qxb3 26. Qh6 Qb1+ 27. Kf2 Rb2+ 28. Bxb2 Qxb2+ 29. Kg3 Qe5+ 30. Kf3 Rxa4 0-1

[Event "Kuzbass-ch op"]
[Site "Kemerovo"]
[Date "2008.11.16"]
[Round "3"]
[White "Starkov, S."]
[Black "Pavlovskiy, Pavel"]
[Result "1-0"]
[WhiteElo "2262"]
[BlackElo "2077"]
[PlyCount "87"]
[EventDate "2008.11.14"]
[EventType "swiss"]
[EventRounds "9"]
[EventCountry "RUS"]
[SourceTitle "EXT 2022"]
[Source "ChessBase"]
[SourceDate "2021.10.06"]
[SourceVersion "1"]
[SourceVersionDate "2021.10.06"]
[SourceQuality "1"]

1. e4 e6 2. d4 d5 3. Nc3 Nf6 4. e5 Nfd7 5. f4 c5 6. Nf3 Nc6 7. Be3 cxd4 8. Nxd4 Bc5 9. Qd2 Nxd4 10. Bxd4 Bxd4 11. Qxd4 Qb6 12. 0-0-0 Qxd4 13. Rxd4 Ke7 14. Be2 g5 15. g3 Rg8 16. Bf3 gxf4 17. gxf4 Nb6 18. a4 a5 19. Re1 Bd7 20. f5 Rg5 21. f6+ Kf8 22. b3 Bc6 23. h4 Rg3 24. Re3 Kg8 25. Ne2 Rg6 26. Bh5 Rg2 27. Ng3 Rf8 28. Rg4+ Kh8 29. Rg7 Be8 30. Nf5 Rg8 31. Nd6 Rg1+ 32. Kb2 d4 33. Re2 R1xg7 34. fxg7+ Kxg7 35. Rg2+ Kf8 36. Rxg8+ Kxg8 37. Nxe8 h6 38. Nd6 Kg7 39. Bxf7 Nd7 40. Bxe6 Nxe5 41. Nxb7 Kf6 42. Bd5 Nd7 43. Nxa5 Ke5 44. Bc6 1-0

[Event "RUS-chT U26"]
[Site "Belgorod"]
[Date "2008.10.13"]
[Round "9"]
[White "Pavlovskiy, Pavel"]
[Black "Lebedev, Mikhail"]
[Result "0-1"]
[WhiteElo "2077"]
[BlackElo "1936"]
[PlyCount "120"]
[EventDate "2008.10.05"]
[EventType "team"]
[EventRounds "9"]
[EventCountry "RUS"]
[SourceTitle "EXT 2010"]
[Source "ChessBase"]
[SourceDate "2010.11.25"]
[SourceVersion "1"]
[SourceVersionDate "2010.11.25"]
[SourceQuality "1"]

1. e4 c5 2. c3 Nf6 3. e5 Nd5 4. d4 cxd4 5. Nf3 Nc6 6. cxd4 d6 7. Bc4 Nb6 8. Bb3 dxe5 9. d5 Na5 10. Nc3 Nxb3 11. Qxb3 g6 12. Nxe5 Bg7 13. Qb5+ Nd7 14. Ng4 h5 15. Ne3 0-0 16. 0-0 a6 17. Qb4 Nf6 18. Nc4 b5 19. Ne3 Bd7 20. Qb3 Rb8 21. Rd1 Qc7 22. Bd2 b4 23. Ne2 Rfc8 24. Rdc1 Qe5 25. Rxc8+ Bxc8 26. Rc1 Ne4 27. Bxb4 Bd7 28. Rc2 a5 29. Bc3 Qd6 30. Qc4 Nxc3 31. Nxc3 Rb4 32. Qe2 Qb8 33. b3 Qa7 34. h3 Bf6 35. Qd3 Rd4 36. Qe2 Qb8 37. Rd2 Rf4 38. d6 Bxc3 39. Rc2 Bf6 40. dxe7 Re4 41. Qf3 Re6 42. Qd1 Rd6 43. Rd2 Bxe7 44. Nd5 Bf8 45. Qf3 Bg7 46. Ne7+ Kf8 47. Nxg6+ Rxg6 48. Rxd7 Qe8 49. Qd1 Re6 50. Kh2 Bf6 51. Rd5 Re5 52. Rd7 Qb8 53. g3 Qe8 54. Rd6 Kg7 55. Qf3 Qe7 56. Ra6 Rc5 57. Kg2 Qe5 58. a3 Rc3 59. Qd1 Qe4+ 60. Kh2 Qf5 0-1

[Event "RUS-chT U26"]
[Site "Belgorod"]
[Date "2008.10.05"]
[Round "1"]
[White "Pavlovskiy, Pavel"]
[Black "Gasanov, Eldar"]
[Result "0-1"]
[WhiteElo "2077"]
[BlackElo "2550"]
[PlyCount "104"]
[EventDate "2008.10.05"]
[EventType "team"]
[EventRounds "9"]
[EventCountry "RUS"]
[SourceTitle "EXT 2010"]
[Source "ChessBase"]
[SourceDate "2010.11.25"]
[SourceVersion "1"]
[SourceVersionDate "2010.11.25"]
[SourceQuality "1"]

1. e4 e5 2. Nc3 Nf6 3. Bc4 Nc6 4. d3 Na5 5. Nge2 Nxc4 6. dxc4 d6 7. f3 c6 8. Be3 Be7 9. Qd3 0-0 10. g4 Be6 11. 0-0-0 a6 12. Kb1 b5 13. cxb5 axb5 14. Nc1 b4 15. N3e2 Qa5 16. c4 d5 17. cxd5 cxd5 18. b3 dxe4 19. fxe4 Rfd8 20. Qc2 Rac8 21. Rxd8+ Qxd8 22. Rd1 Rxc2 23. Rxd8+ Bxd8 24. Kxc2 Nxe4 25. h3 f5 26. gxf5 Bxf5 27. Nd3 Be7 28. Nxe5 Nc3+ 29. Kd2 Nxa2 30. Nf4 Nc3 31. Nc6 Bd6 32. h4 Kf7 33. Nd3 Nd5 34. Bd4 Kg6 35. h5+ Kh6 36. Nd8 Be7 37. Nc6 Bg5+ 38. Ke2 Nc3+ 39. Bxc3 bxc3 40. Nd4 Be4 41. b4 Kxh5 42. b5 Bf6 43. Nb3 Kg5 44. Ke3 Kf5 45. Ndc5 Bd5 46. b6 h5 47. b7 Be5 48. Na5 c2 49. Nd3 Be4 50. Nc1 Bf4+ 51. Kf2 Bxb7 52. Nxb7 Bxc1 0-1